00994nam a2200229 a 4500001001000000003000500010005001700015008004100032010001100073011001100084040000900095100004100104245016400145260004100309500006000350502011300410650004000523650005500563650003500618650004100653856007000694000113870CHAP20220329144417.0171003s2017 mx sm |||||||spa d a110331 a111303 cCHAP1 aVillarreal Ornelas, Elena del Carmen10aRendimiento y calidad del aceite de semilla de Argemone Pleiacantha Green para la producción de biodieselh[En línea]cElena del Carmen Villarreal Ornelas. aChapingo, Méx. :bEl autor,c2017. aPara ver el contenido del material haga clic en la liga aTesis (M. C. en Recursos Naturales y Medio Ambiente) -- UACH. Unidad Reginal Universitaria de Zonas Áridas14aAceites vegetales como combustible.14aArgemone pleiacanthaxFisiología y morfología.14aBiocombustiblesxProducción.14aSemillas oleaginosasxGerminación. aFinding aiduhttp://10.13.5.2/tesis/sist113870.pdfzTeclea aquí